[Event "DEN-ch Rapid op"]
[Site "Avedore"]
[Date "2023.05.13"]
[Round "5"]
[White "Eriksson, Christian Altenburg"]
[Black "Bang, Andreas"]
[Result "0-1"]
[WhiteElo "2152"]
[BlackElo "2287"]
[PlyCount "102"]
[EventDate "2023.05.13"]
[EventType "swiss (rapid)"]
[EventRounds "7"]
[EventCountry "DEN"]
[SourceTitle "CBM 214 Extra"]
[Source "ChessBase"]
[SourceDate "2023.07.31"]
[SourceVersion "1"]
[SourceVersionDate "2023.07.31"]
[SourceQuality "1"]

1. e4 c6 2. d4 d5 3. e5 Bf5 4. Nf3 e6 5. Be2 Nd7 6. 0-0 Ne7 7. Nh4 Bg6 8. Nd2 c5 9. c3 cxd4 10. cxd4 Nc6 11. Nxg6 hxg6 12. Nf3 Be7 13. Be3 0-0 14. Rc1 Qb6 15. Qd2 Rfc8 16. h4 Qd8 17. g3 Na5 18. b3 Nf8 19. Bg5 f6 20. Bf4 Nc6 21. Bd3 a5 22. Bb5 Na7 23. Bd3 Rxc1 24. Rxc1 Rc8 25. Rxc8 Nxc8 26. Qc2 f5 27. Bd2 Na7 28. Kg2 Qb6 29. a4 Nc6 30. Bb5 Nxd4 31. Be3 Nxf3 32. Kxf3 d4 33. Bd2 Qd8 34. Qc4 b6 35. Ke2 Bc5 36. Kd3 Qc7 37. Bf4 Qb7 38. Kc2 Kf7 39. Qe2 Nd7 40. Bc4 Bb4 41. f3 Nc5 42. h5 gxh5 43. Kb2 Qd7 44. g4 d3 45. Qg2 Qd4+ 46. Ka2 Qxf4 47. gxf5 Qxf5 48. f4 Qxf4 49. Qc6 Qd2+ 50. Kb1 Qc2+ 51. Ka1 Bc3# 0-1

[Event "Koge op 4th"]
[Site "Koge"]
[Date "2023.04.21"]
[Round "2"]
[White "Heimisson, Hilmir Freyr"]
[Black "Eriksson, Christian Altenburg"]
[Result "1-0"]
[WhiteElo "2351"]
[BlackElo "2152"]
[PlyCount "55"]
[EventDate "2023.04.21"]
[EventType "swiss"]
[EventRounds "7"]
[EventCountry "DEN"]
[SourceTitle "EXT 2024"]
[Source "ChessBase"]
[SourceDate "2023.10.10"]
[SourceVersion "1"]
[SourceVersionDate "2023.10.10"]
[SourceQuality "1"]

1. e4 c5 2. Nf3 Nc6 3. Bb5 g6 4. Bxc6 dxc6 5. d3 Bg7 6. h3 Nf6 7. 0-0 Nd7 8. Nc3 e5 9. Be3 b6 10. Nh2 Nf8 11. f4 exf4 12. Bxf4 Ne6 13. Qd2 Nxf4 14. Qxf4 0-0 15. Nf3 c4 16. Rad1 cxd3 17. cxd3 Qe7 18. d4 Ba6 19. Rf2 f5 20. e5 Rad8 21. d5 cxd5 22. Nxd5 Qc5 23. b4 Rxd5 24. bxc5 Rxd1+ 25. Kh2 bxc5 26. Qa4 Rf1 27. Rd2 Bh6 28. Qxa6 1-0

[Event "Vaxjo op"]
[Site "Vaxjo"]
[Date "2023.02.12"]
[Round "7"]
[White "Frisk, Hans"]
[Black "Eriksson, Christian Altenburg"]
[Result "0-1"]
[WhiteElo "1905"]
[BlackElo "2104"]
[PlyCount "60"]
[EventDate "2023.02.10"]
[EventType "swiss"]
[EventRounds "8"]
[EventCountry "SWE"]
[SourceTitle "CBM 212 Extra"]
[Source "ChessBase"]
[SourceDate "2023.03.31"]
[SourceVersion "1"]
[SourceVersionDate "2023.03.31"]
[SourceQuality "1"]

1. Nf3 d5 2. e3 Nf6 3. c4 dxc4 4. Bxc4 e6 5. 0-0 c5 6. Nc3 a6 7. a4 Nc6 8. Qe2 Qc7 9. Rd1 Bd6 10. d4 0-0 11. d5 exd5 12. Nxd5 Nxd5 13. Bxd5 Nb4 14. e4 Nxd5 15. exd5 Bg4 16. h3 Rfe8 17. Be3 Bh5 18. g4 Bg6 19. a5 Rac8 20. Ra4 Qd7 21. b3 Qb5 22. Qb2 c4 23. Nd4 Qxd5 24. bxc4 Qe5 25. Kf1 Qh2 26. Nf5 Qxh3+ 27. Ke1 Be5 28. Nd4 Qxg4 29. Qxb7 Bxd4 30. c5 Bc3+ 0-1

[Event "Nordsjalland Weekend op-B"]
[Site "Allerod"]
[Date "2023.01.08"]
[Round "4"]
[White "Hald Falkesgaard, Jeppe"]
[Black "Eriksson, Christian Altenburg"]
[Result "1-0"]
[WhiteElo "2129"]
[BlackElo "2098"]
[PlyCount "84"]
[EventDate "2023.01.06"]
[EventType "swiss"]
[EventRounds "5"]
[EventCountry "DEN"]
[SourceTitle "EXT 2024"]
[Source "ChessBase"]
[SourceDate "2023.10.10"]
[SourceVersion "1"]
[SourceVersionDate "2023.10.10"]
[SourceQuality "1"]

1. d4 d5 2. c4 c6 3. Nc3 Nf6 4. e3 Bf5 5. cxd5 cxd5 6. Qb3 Nc6 7. Nf3 Rb8 8. Ne5 e6 9. Bb5 Rc8 10. Bd2 Bd6 11. Qa4 Qb6 12. Ne4 Bc7 13. Nxc6 bxc6 14. Bxc6+ Kd8 15. Nc5 Ne4 16. Bb4 Rb8 17. Na6 Rc8 18. Nxc7 Rxc7 19. Ba5 Qxb2 20. 0-0 Nc3 21. Qb3 Qxb3 22. axb3 Kc8 23. Bxc7 Kxc7 24. Ba4 Kb6 25. b4 Rc8 26. f3 Bd3 27. Rfe1 Bg6 28. Kf2 Rc4 29. Rec1 Nxa4 30. Rxc4 dxc4 31. Rxa4 Kb5 32. Rxa7 Kxb4 33. e4 f5 34. d5 exd5 35. exd5 Kc5 36. Ra5+ Kb6 37. d6 Kc6 38. Ra6+ Kd7 39. Ke3 f4+ 40. Kd4 Bd3 41. Kd5 c3 42. Ra7+ Kd8 1-0

[Event "Nordsjalland Weekend op-B"]
[Site "Allerod"]
[Date "2023.01.07"]
[Round "2"]
[White "Lauritsen, Martin Lee"]
[Black "Eriksson, Christian Altenburg"]
[Result "1/2-1/2"]
[WhiteElo "2058"]
[BlackElo "2098"]
[PlyCount "119"]
[EventDate "2023.01.06"]
[EventType "swiss"]
[EventRounds "5"]
[EventCountry "DEN"]
[SourceTitle "EXT 2024"]
[Source "ChessBase"]
[SourceDate "2023.10.10"]
[SourceVersion "1"]
[SourceVersionDate "2023.10.10"]
[SourceQuality "1"]

1. e4 c5 2. Nf3 Nc6 3. d4 cxd4 4. Nxd4 e5 5. Nb5 d6 6. N1c3 a6 7. Na3 Be7 8. Nc4 b5 9. Ne3 Nf6 10. a3 0-0 11. g3 Be6 12. Bg2 Rb8 13. 0-0 Qd7 14. Ncd5 Bd8 15. c3 a5 16. Qd3 b4 17. axb4 axb4 18. Rd1 Ne8 19. Bd2 bxc3 20. Bxc3 Nc7 21. Nxc7 Bxc7 22. f4 Bb6 23. Kh1 Bd4 24. Rd2 f6 25. Nc2 Rb3 26. Rad1 Qf7 27. Qa6 Bxc3 28. bxc3 Rxc3 29. Rxd6 Nb8 30. Qe2 Bb3 31. R1d2 Qc7 32. Ne3 Rc1+ 33. Nf1 Bc4 34. Qf2 Bxf1 35. Bxf1 Qc4 36. Re2 Qb4 37. Rdd2 Nc6 38. Re1 Rxe1 39. Qxe1 Nd4 40. Qc1 Kh8 41. Qb2 Qc5 42. f5 Rc8 43. Bd3 Nf3 44. Rd1 h6 45. Kg2 Nd4 46. g4 Qc7 47. Rb1 Kh7 48. h4 Qc3 49. Qxc3 Rxc3 50. Rd1 Nb3 51. Kf2 Nc5 52. Ke2 Nxd3 53. Rxd3 Rc2+ 54. Kf3 Rh2 55. h5 Rh3+ 56. Ke2 Rh2+ 57. Kf3 Rh1 58. Kf2 Rh2+ 59. Kf3 Rh1 60. Kf2 1/2-1/2

[Event "Odense-ch"]
[Site "Odense"]
[Date "2022.10.14"]
[Round "1"]
[White "Jensen, Tobias Ilsoe"]
[Black "Eriksson, Christian Altenburg"]
[Result "1/2-1/2"]
[WhiteElo "2160"]
[BlackElo "2160"]
[PlyCount "53"]
[EventDate "2022.10.14"]
[EventType "swiss"]
[EventRounds "5"]
[EventCountry "DEN"]
[SourceTitle "CBM 210 Extra"]
[Source "ChessBase"]
[SourceDate "2022.11.30"]
[SourceVersion "1"]
[SourceVersionDate "2022.11.30"]
[SourceQuality "1"]

1. Nf3 c5 2. b3 Nc6 3. Bb2 d6 4. e3 Nf6 5. d4 cxd4 6. exd4 d5 7. Bd3 Bg4 8. Nbd2 e6 9. 0-0 Be7 10. h3 Bh5 11. Qe1 0-0 12. a3 Bg6 13. Ne5 Nxe5 14. dxe5 Nd7 15. Bxg6 hxg6 16. c4 Nb6 17. Rc1 Rc8 18. Qe2 dxc4 19. Nxc4 Nd5 20. Rfd1 Bg5 21. Rc2 Rc6 22. Bc1 Be7 23. Ne3 Qc7 24. Nxd5 exd5 25. Rxc6 Qxc6 26. Bb2 Rc8 27. Rc1 1/2-1/2

[Event "Helsingor Kronborg Master-3"]
[Site "Helsingor"]
[Date "2022.05.26"]
[Round "7"]
[White "Gregor, Bjarke"]
[Black "Eriksson, Christian Altenburg"]
[Result "1/2-1/2"]
[WhiteElo "2083"]
[BlackElo "2072"]
[PlyCount "81"]
[EventDate "2022.05.26"]
[EventType "tourn"]
[EventRounds "7"]
[EventCountry "DEN"]
[SourceTitle "CBM 208 Extra"]
[Source "ChessBase"]
[SourceDate "2022.07.31"]
[SourceVersion "1"]
[SourceVersionDate "2022.07.31"]
[SourceQuality "1"]

1. e4 c5 2. Nf3 Nc6 3. d4 cxd4 4. Nxd4 e5 5. Nb5 d6 6. N1c3 a6 7. Na3 Be7 8. Be3 Nf6 9. Nc4 b5 10. Nb6 Rb8 11. Ncd5 Be6 12. Nxf6+ Bxf6 13. Nd5 0-0 14. c3 Bg5 15. Qd2 Bxe3 16. Nxe3 Ne7 17. Rd1 a5 18. Be2 Bxa2 19. Qxd6 Qxd6 20. Rxd6 a4 21. Nc2 Bb1 22. Kd2 Bxc2 23. Kxc2 Rfc8 24. Ra1 g6 25. g3 Rc7 26. f4 Nc6 27. Kd2 Na5 28. Ke3 exf4+ 29. gxf4 Nb3 30. Rad1 b4 31. Rd8+ Rxd8 32. Rxd8+ Kg7 33. cxb4 Rc2 34. Ra8 Nc1 35. Bd1 Rxb2 36. Rxa4 Na2 37. Kd4 Rxb4+ 38. Rxb4 Nxb4 39. Ba4 Na6 40. Bd7 Kf8 41. Bb5 1/2-1/2

[Event "Koge EMT op 3rd"]
[Site "Koge"]
[Date "2022.04.29"]
[Round "4"]
[White "Eriksson, Christian Altenburg"]
[Black "Nilsson, Anders"]
[Result "0-1"]
[WhiteElo "2072"]
[BlackElo "2237"]
[PlyCount "134"]
[EventDate "2022.04.29"]
[EventType "swiss"]
[EventRounds "5"]
[EventCountry "DEN"]
[SourceTitle "CBM 208 Extra"]
[Source "ChessBase"]
[SourceDate "2022.07.31"]
[SourceVersion "1"]
[SourceVersionDate "2022.07.31"]
[SourceQuality "1"]

1. e4 e6 2. d4 d5 3. e5 Bd7 4. c3 a6 5. Nf3 Ne7 6. h4 h6 7. g4 Bb5 8. Bh3 a5 9. a4 Ba6 10. Na3 Ng6 11. h5 Nh4 12. Be3 Nxf3+ 13. Qxf3 Be7 14. Bf1 Bxf1 15. Kxf1 Bxa3 16. Rxa3 Nc6 17. Qg3 f6 18. exf6 Qxf6 19. g5 hxg5 20. Bxg5 Qf7 21. Qg4 Kd7 22. Ra2 Raf8 23. b3 Qf5 24. Qxf5 Rxf5 25. f4 Nd8 26. Rg2 Nf7 27. Ke2 Nd6 28. Kd3 Ne4 29. Rh3 Ke8 30. h6 gxh6 31. Rxh6 Rxh6 32. Bxh6 Rh5 33. Bg7 Rh3+ 34. Kc2 Rxc3+ 35. Kb2 Rg3 36. Rxg3 Nxg3 37. Kc2 Nf5 38. Be5 Kd7 39. Kd3 Ne7 40. Bf6 b6 41. Bg5 c6 42. Bf6 c5 43. dxc5 bxc5 44. Bc3 Nc6 45. Be1 Kc7 46. Bc3 Kb6 47. Bf6 Nb4+ 48. Kc3 Nc6 49. Kd3 Kb7 50. Kc3 Kc8 51. Kd3 Kd7 52. Bh4 e5 53. fxe5 Ke6 54. Kc2 Kxe5 55. Bg3+ Ke6 56. Bf2 d4 57. Bh4 Kd5 58. Bg3 Ne5 59. Be1 Nc6 60. Bg3 c4 61. bxc4+ Kxc4 62. Bd6 d3+ 63. Kd2 Nd4 64. Bc7 Nb3+ 65. Ke3 Kc3 66. Bf4 d2 67. Ke2 Kc2 0-1

[Event "Koge EMT op 3rd"]
[Site "Koge"]
[Date "2022.04.29"]
[Round "2"]
[White "Eriksson, Christian Altenburg"]
[Black "Pedersen, Daniel Vesterbaek"]
[Result "0-1"]
[WhiteElo "2072"]
[BlackElo "2147"]
[PlyCount "86"]
[EventDate "2022.04.29"]
[EventType "swiss"]
[EventRounds "5"]
[EventCountry "DEN"]
[SourceTitle "CBM 208 Extra"]
[Source "ChessBase"]
[SourceDate "2022.07.31"]
[SourceVersion "1"]
[SourceVersionDate "2022.07.31"]
[SourceQuality "1"]

1. e4 e5 2. Nf3 d6 3. d4 exd4 4. Nxd4 Nf6 5. Nc3 Be7 6. g3 0-0 7. Bg2 Nc6 8. 0-0 Nxd4 9. Qxd4 Be6 10. h3 c5 11. Qd3 Qd7 12. Kh2 b5 13. Rd1 Rab8 14. Bf4 b4 15. Ne2 Rfd8 16. b3 Rb6 17. c4 bxc3 18. Nxc3 Rb4 19. Rac1 c4 20. bxc4 Rxc4 21. Nd5 Nxd5 22. exd5 Rxc1 23. Rxc1 Bf5 24. Qa6 h5 25. Be3 Kf8 26. Qa5 h4 27. Rc7 hxg3+ 28. fxg3 Qe8 29. Qxa7 Bf6 30. Bf4 g5 31. Bc1 Bg6 32. Qf2 Qe5 33. Rb7 Qf5 34. Qxf5 Bxf5 35. Bb2 Bxb2 36. Rxb2 Ra8 37. g4 Bd3 38. h4 gxh4 39. Kh3 f5 40. Kxh4 Ra4 41. Kg5 Rxg4+ 42. Kf6 Ke8 43. Ke6 Rg6# 0-1

[Event "Copenhagen GoAudit op"]
[Site "Copenhagen"]
[Date "2021.11.14"]
[Round "6"]
[White "Haubro, Martin"]
[Black "Eriksson, Christian Altenburg"]
[Result "1/2-1/2"]
[WhiteElo "2410"]
[BlackElo "2135"]
[PlyCount "80"]
[EventDate "2021.11.12"]
[EventType "swiss"]
[EventRounds "7"]
[EventCountry "DEN"]
[SourceTitle "CBM 205 Extra"]
[Source "ChessBase"]
[SourceDate "2022.01.31"]
[SourceVersion "1"]
[SourceVersionDate "2022.01.31"]
[SourceQuality "1"]

1. d4 Nf6 2. c4 c5 3. d5 b5 4. cxb5 a6 5. bxa6 g6 6. Nc3 Bxa6 7. e4 Bxf1 8. Kxf1 d6 9. g3 Bg7 10. Kg2 0-0 11. Nf3 Qb6 12. a4 Na6 13. Re1 Nd7 14. Qe2 Rfb8 15. Ra3 Nc7 16. Qc2 Qb4 17. Na2 Qb6 18. b3 Ne5 19. Nxe5 Bxe5 20. Bd2 Nb5 21. axb5 Rxa3 22. Bc1 Qa5 23. Re2 Rxa2 24. Qxa2 Qxb5 25. Re3 Bd4 26. Rf3 Qb7 27. Qd2 Bg7 28. Qf4 Rf8 29. Qh4 f5 30. Bg5 Bf6 31. Bxf6 Rxf6 32. Re3 fxe4 33. Qxe4 Rf5 34. Qe6+ Kf8 35. Kg1 Qxd5 36. Qxe7+ Kg8 37. h4 Qd1+ 38. Kg2 Qd5+ 39. Kg1 Qd1+ 40. Kg2 Qd5+ 1/2-1/2

[Event "Koge Weekend-A 2nd"]
[Site "Koge"]
[Date "2021.05.16"]
[Round "5"]
[White "Jacobsen, Mikkel Manosri"]
[Black "Eriksson, Christian Altenburg"]
[Result "1-0"]
[WhiteElo "2286"]
[BlackElo "2142"]
[PlyCount "73"]
[EventDate "2021.05.14"]
[EventType "swiss"]
[EventRounds "5"]
[EventCountry "DEN"]
[SourceTitle "EXT 2023"]
[Source "ChessBase"]
[SourceDate "2022.10.05"]
[SourceVersion "1"]
[SourceVersionDate "2022.10.05"]
[SourceQuality "1"]

1. Nf3 c5 2. e3 g6 3. d4 Bg7 4. Be2 cxd4 5. exd4 d5 6. Bf4 Nf6 7. Nc3 0-0 8. h4 Bg4 9. Ne5 Bxe2 10. Qxe2 Nh5 11. Bh2 f6 12. Nf3 Qd7 13. Qb5 Qe6+ 14. Kf1 Nc6 15. Qxd5 Qxd5 16. Nxd5 Rad8 17. Nc7 Nxd4 18. Nxd4 Rxd4 19. Ne6 Rxh4 20. Nxf8 Bxf8 21. Ke2 Rb4 22. b3 e5 23. c3 Rb6 24. Rhd1 Bd6 25. b4 Ng7 26. f4 Bc7 27. fxe5 Re6 28. Rd7 Ne8 29. Kd2 fxe5 30. Re1 Rd6+ 31. Rxd6 Nxd6 32. Kd3 Nf7 33. Kc4 Kf8 34. Kd5 Ke7 35. c4 Kd7 36. a4 a6 37. c5 1-0

[Event "Koge Weekend-A 2nd"]
[Site "Koge"]
[Date "2021.05.14"]
[Round "1"]
[White "Bjerre, Jonas Buhl"]
[Black "Eriksson, Christian Altenburg"]
[Result "1-0"]
[WhiteElo "2557"]
[BlackElo "2142"]
[PlyCount "65"]
[EventDate "2021.05.14"]
[EventType "swiss"]
[EventRounds "5"]
[EventCountry "DEN"]
[SourceTitle "EXT 2023"]
[Source "ChessBase"]
[SourceDate "2022.10.05"]
[SourceVersion "1"]
[SourceVersionDate "2022.10.05"]
[SourceQuality "1"]

1. d4 Nf6 2. c4 c5 3. d5 b5 4. cxb5 a6 5. bxa6 Bxa6 6. Nc3 g6 7. Nf3 d6 8. e4 Bxf1 9. Kxf1 Bg7 10. g3 0-0 11. Kg2 Qb6 12. Qe2 Na6 13. Rb1 Nd7 14. Bg5 h6 15. Be3 Nc7 16. Qd2 Kh7 17. h4 Nf6 18. h5 Ng4 19. hxg6+ fxg6 20. Bf4 h5 21. Rbe1 c4 22. Re2 Ne5 23. Nxe5 dxe5 24. Bg5 Rf7 25. Qe3 Qxe3 26. Bxe3 Kg8 27. Rc1 Ne8 28. a3 Nd6 29. Bc5 Bh6 30. Rcc2 Rc8 31. Bxd6 exd6 32. Nb5 Bf8 33. b4 1-0

[Event "Koge Lang Sommer Weekend"]
[Site "Koge"]
[Date "2020.07.25"]
[Round "5"]
[White "Loveid, Erik"]
[Black "Eriksson, Christian Altenburg"]
[Result "1/2-1/2"]
[WhiteElo "1822"]
[BlackElo "2119"]
[PlyCount "110"]
[EventDate "2020.07.22"]
[EventType "swiss"]
[EventRounds "7"]
[EventCountry "DEN"]
[SourceTitle "EXT 2021"]
[Source "ChessBase"]
[SourceDate "2020.10.23"]
[SourceVersion "1"]
[SourceVersionDate "2020.10.23"]
[SourceQuality "1"]

1. d4 d5 2. c4 dxc4 3. e4 Nf6 4. e5 Nd5 5. Bxc4 Nb6 6. Bb3 Nc6 7. Nf3 Bf5 8. Be3 e6 9. a3 Be7 10. Nc3 0-0 11. h3 Na5 12. 0-0 Nxb3 13. Qxb3 c6 14. Rfd1 h6 15. Rac1 Qd7 16. Nd2 Nd5 17. Nxd5 exd5 18. Qc3 Qe6 19. b4 Qg6 20. Bf4 Rae8 21. Kh2 Kh8 22. Nb3 Bc8 23. Nc5 Qh5 24. Kg1 g5 25. Bg3 Rg8 26. Nd3 Bf5 27. f3 Qg6 28. Bf2 h5 29. g4 hxg4 30. hxg4 Bc8 31. Kg2 Kg7 32. Bg3 Rh8 33. Rh1 Rxh1 34. Rxh1 Rh8 35. Rxh8 Kxh8 36. a4 a6 37. a5 Kg8 38. Qd2 Kg7 39. Qc3 Kf8 40. Qd2 Ke8 41. Qc3 Qe6 42. Nc5 Qg6 43. Nd3 Kd8 44. Qd2 Qg8 45. Qe3 Be6 46. Qd2 Kc7 47. Nc5 Qg6 48. Nd3 Kc8 49. Qc3 Kb8 50. Qd2 Qg8 51. Qc3 Qd8 52. Nc5 Ka7 53. Na4 Qf8 54. Nc5 Qd8 55. Na4 Qf8 1/2-1/2

[Event "Koge Lang Sommer Weekend"]
[Site "Koge"]
[Date "2020.07.23"]
[Round "2"]
[White "Eriksson, Christian Altenburg"]
[Black "Vedant, Kumar Saravana"]
[Result "1-0"]
[WhiteElo "2119"]
[BlackElo "1718"]
[PlyCount "53"]
[EventDate "2020.07.22"]
[EventType "swiss"]
[EventRounds "7"]
[EventCountry "DEN"]
[SourceTitle "EXT 2021"]
[Source "ChessBase"]
[SourceDate "2020.10.23"]
[SourceVersion "1"]
[SourceVersionDate "2020.10.23"]
[SourceQuality "1"]

1. e4 e5 2. Nf3 Nc6 3. Bc4 Bc5 4. c3 Nf6 5. d4 exd4 6. e5 d5 7. Bb5 Ne4 8. cxd4 Bb4+ 9. Bd2 Nxd2 10. Nbxd2 Bd7 11. Bxc6 Bxc6 12. 0-0 0-0 13. a3 Be7 14. Re1 Bd7 15. Qb3 Bc6 16. Rac1 Qd7 17. Qc3 Rac8 18. Nb3 Ba4 19. Nc5 Bxc5 20. dxc5 Qe6 21. Nd4 Qg6 22. Re3 Bd7 23. Rg3 Qh6 24. Re1 Rfe8 25. h3 Re7 26. e6 Bc6 27. Nf5 1-0

[Event "Koge Lang Sommer Weekend"]
[Site "Koge"]
[Date "2020.07.23"]
[Round "3"]
[White "Hoi, Carsten"]
[Black "Eriksson, Christian Altenburg"]
[Result "1/2-1/2"]
[WhiteElo "2335"]
[BlackElo "2119"]
[PlyCount "39"]
[EventDate "2020.07.22"]
[EventType "swiss"]
[EventRounds "7"]
[EventCountry "DEN"]
[SourceTitle "EXT 2021"]
[Source "ChessBase"]
[SourceDate "2020.10.23"]
[SourceVersion "1"]
[SourceVersionDate "2020.10.23"]
[SourceQuality "1"]

1. c4 c5 2. e3 Nf6 3. Nc3 Nc6 4. Nf3 g6 5. d4 cxd4 6. exd4 d5 7. Bg5 Be6 8. cxd5 Nxd5 9. Be2 Bg7 10. 0-0 0-0 11. Qd2 Nxc3 12. bxc3 Na5 13. Rfe1 Rc8 14. Rac1 Re8 15. Bb5 Bd7 16. Bd3 Bc6 17. Qe2 Bd5 18. h4 Bc4 19. h5 Qd5 20. hxg6 1/2-1/2

[Event "Prague op-A 19th"]
[Site "Prague"]
[Date "2020.01.16"]
[Round "8"]
[White "Eriksson, Christian Altenburg"]
[Black "Zemlicka, Vit"]
[Result "1/2-1/2"]
[WhiteElo "2121"]
[BlackElo "1935"]
[PlyCount "44"]
[EventDate "2020.01.10"]
[EventType "swiss"]
[EventRounds "9"]
[EventCountry "CZE"]
[SourceTitle "CBM 195 Extra"]
[Source "ChessBase"]
[SourceDate "2020.05.31"]
[SourceVersion "1"]
[SourceVersionDate "2020.05.31"]
[SourceQuality "1"]

1. e4 g6 2. d4 Bg7 3. Nc3 d6 4. Nf3 Nf6 5. Be2 0-0 6. 0-0 a6 7. Re1 Nc6 8. d5 Nb8 9. a4 e5 10. dxe6 Bxe6 11. Bg5 h6 12. Bf4 Nc6 13. Qd2 g5 14. Be3 Ng4 15. Nd4 Nxe3 16. Nxc6 bxc6 17. Qxe3 a5 18. Rab1 Rb8 19. b3 Re8 20. Bf1 f5 21. Qd2 f4 22. Nd1 Rb4 1/2-1/2

[Event "Prague op-A 19th"]
[Site "Prague"]
[Date "2020.01.13"]
[Round "5"]
[White "Sovina, Maria"]
[Black "Eriksson, Christian Altenburg"]
[Result "1/2-1/2"]
[WhiteElo "1943"]
[BlackElo "2121"]
[PlyCount "57"]
[EventDate "2020.01.10"]
[EventType "swiss"]
[EventRounds "9"]
[EventCountry "CZE"]
[SourceTitle "CBM 195 Extra"]
[Source "ChessBase"]
[SourceDate "2020.05.31"]
[SourceVersion "1"]
[SourceVersionDate "2020.05.31"]
[SourceQuality "1"]

1. d4 d5 2. c4 c6 3. Nf3 Nf6 4. e3 Bf5 5. Nc3 e6 6. Bd3 Bxd3 7. Qxd3 Nbd7 8. 0-0 Be7 9. b3 0-0 10. e4 Nxe4 11. Nxe4 dxe4 12. Qxe4 Qa5 13. Bd2 Qh5 14. Rfe1 Rfe8 15. Rad1 Nf6 16. Qe5 Qxe5 17. dxe5 Nd7 18. Bg5 Nxe5 19. Rxe5 f6 20. Rxe6 fxg5 21. Rde1 Kf7 22. Nd4 Bf6 23. Rxe8 Rxe8 24. Rxe8 Kxe8 25. Nc2 Ke7 26. Kf1 Ke6 27. Ke2 Be5 28. h3 Kf5 29. Kf3 1/2-1/2

[Event "Pardubice Czech op-A 30th"]
[Site "Pardubice"]
[Date "2019.07.19"]
[Round "1"]
[White "Eriksson, Christian Altenburg"]
[Black "Sylvan, Jacob"]
[Result "1/2-1/2"]
[WhiteElo "2100"]
[BlackElo "2326"]
[PlyCount "70"]
[EventDate "2019.07.19"]
[EventType "swiss"]
[EventRounds "9"]
[EventCountry "CZE"]
[SourceTitle "CBM 191"]
[Source "ChessBase"]
[SourceDate "2019.08.31"]
[SourceVersion "1"]
[SourceVersionDate "2019.08.31"]
[SourceQuality "1"]

1. e4 c5 2. Nf3 g6 3. c3 Bg7 4. d4 cxd4 5. cxd4 d5 6. e5 f6 7. Nc3 Nh6 8. Bb5+ Nc6 9. 0-0 0-0 10. h3 fxe5 11. dxe5 e6 12. Bxc6 bxc6 13. Re1 Nf7 14. Na4 Rb8 15. b3 Qc7 16. Qd4 Nh6 17. Ba3 Rxf3 18. gxf3 Nf5 19. Qf4 Rb5 20. Rad1 d4 21. Bd6 Qf7 22. Re4 Rd5 23. Bc5 d3 24. b4 h5 25. Nc3 Bh6 26. Qh2 Rd7 27. f4 Ba6 28. Qg2 Kh7 29. Kh1 d2 30. Be3 Rd3 31. Na4 Qd7 32. Nc5 Qd5 33. Kg1 Nh4 34. Qg3 Nf5 35. Qg2 Nh4 1/2-1/2

[Event "Copenhagen Challenge"]
[Site "Ballerup"]
[Date "2019.05.17"]
[Round "4"]
[White "Shehzad, Shazil Khan"]
[Black "Eriksson, Christian Altenburg"]
[Result "1-0"]
[WhiteElo "2016"]
[BlackElo "2146"]
[PlyCount "99"]
[EventDate "2019.05.15"]
[EventType "swiss"]
[EventRounds "9"]
[EventCountry "DEN"]
[SourceTitle "CBM 190 Extra"]
[Source "ChessBase"]
[SourceDate "2019.07.15"]
[SourceVersion "1"]
[SourceVersionDate "2019.07.15"]
[SourceQuality "1"]

1. e4 c5 2. Nf3 Nc6 3. Bb5 g6 4. 0-0 Bg7 5. Re1 e5 6. Bxc6 dxc6 7. d3 b6 8. h3 f6 9. Be3 Nh6 10. a3 Be6 11. b4 c4 12. d4 Nf7 13. Qe2 0-0 14. dxe5 Nxe5 15. Nd4 Bf7 16. f4 c5 17. bxc5 bxc5 18. Nb5 Qb6 19. N5c3 Nd7 20. Ra2 Qe6 21. Nd2 g5 22. f5 Qc6 23. Nf3 Rfe8 24. Raa1 Rad8 25. Rad1 Nb6 26. Rxd8 Rxd8 27. e5 fxe5 28. Bxg5 Re8 29. Ne4 Nd7 30. c3 Bd5 31. Nfd2 Bf6 32. Qg4 Kh8 33. Qh4 Bxg5 34. Nxg5 Nf6 35. Ne6 Rxe6 36. fxe6 Qxe6 37. Rf1 Ng8 38. Nf3 e4 39. Ng5 Qg6 40. Qf4 Qg7 41. Qf5 Ne7 42. Qf4 h6 43. Nxe4 Ng6 44. Qb8+ Bg8 45. Nf6 Ne7 46. Nxg8 Nxg8 47. Re1 Kh7 48. Qe5 Nf6 49. Qxc5 Qg3 50. Qe5 1-0

[Event "Copenhagen Challenge"]
[Site "Ballerup"]
[Date "2019.05.16"]
[Round "3"]
[White "Eriksson, Christian Altenburg"]
[Black "Sidali, Elias Hulleberg"]
[Result "1/2-1/2"]
[WhiteElo "2146"]
[BlackElo "1953"]
[PlyCount "77"]
[EventDate "2019.05.15"]
[EventType "swiss"]
[EventRounds "9"]
[EventCountry "DEN"]
[SourceTitle "CBM 190 Extra"]
[Source "ChessBase"]
[SourceDate "2019.07.15"]
[SourceVersion "1"]
[SourceVersionDate "2019.07.15"]
[SourceQuality "1"]

1. e4 c5 2. c3 g6 3. d4 cxd4 4. cxd4 d5 5. e5 Nc6 6. Nf3 Bg4 7. Bb5 Nh6 8. Nbd2 Bg7 9. h3 Bxf3 10. Bxc6+ bxc6 11. Nxf3 Qa5+ 12. Bd2 Qa6 13. Bb4 0-0 14. Qe2 Qxe2+ 15. Kxe2 f6 16. e6 Rab8 17. Ba3 Nf5 18. Rac1 Rb6 19. Rc2 Bh6 20. Kd3 Bf4 21. Bc5 Ra6 22. b3 Bd6 23. g4 Bxc5 24. gxf5 Ba3 25. Rg1 Kg7 26. h4 Kh6 27. h5 g5 28. Nh2 Kg7 29. Ng4 h6 30. f4 Rc8 31. fxg5 hxg5 32. Ne3 Rh8 33. Rh1 Bd6 34. Ng4 Rb8 35. Rhc1 Bf4 36. Re1 Bd6 37. Rec1 Bf4 38. Re1 Bd6 39. Rec1 1/2-1/2

[Event "DEN-ch rapid op"]
[Site "Hvidovre"]
[Date "2018.09.09"]
[Round "6"]
[White "Eriksson, Christian Altenburg"]
[Black "Nielsen, Jacob Woge"]
[Result "1-0"]
[WhiteElo "2172"]
[BlackElo "2100"]
[PlyCount "45"]
[EventDate "2018.09.09"]
[EventType "swiss (rapid)"]
[EventRounds "7"]
[EventCountry "DEN"]
[SourceTitle "EXT 2020"]
[Source "ChessBase"]
[SourceDate "2019.10.17"]
[SourceVersion "1"]
[SourceVersionDate "2019.10.17"]
[SourceQuality "1"]

1. e4 c5 2. Nf3 e6 3. d4 cxd4 4. Nxd4 a6 5. Nc3 Qc7 6. Bd3 Nf6 7. 0-0 Bc5 8. Nb3 Ba7 9. Qe2 Nc6 10. Kh1 h5 11. f3 h4 12. Be3 Bxe3 13. Qxe3 b5 14. Rae1 d6 15. f4 h3 16. g3 Bb7 17. Kg1 Ng4 18. Qf3 Qb6+ 19. Kh1 Nf6 20. g4 g5 21. fxg5 Nd7 22. Qxf7+ Kd8 23. Qxe6 1-0